Normal view
MARC view
- Amjad Iqbal PC syn#18
Entry Personal Name
001 - CONTROL NUMBER
- control field: 50979
003 - CONTROL NUMBER IDENTIFIER
- control field: NUST
005 - DATE AND TIME OF LATEST TRANSACTION
- control field: 20210314134847.0
008 - FIXED-LENGTH DATA ELEMENTS
- fixed length control field: 210314|| aca||aabn | a|a d
040 ## - CATALOGING SOURCE
- Original cataloging agency: NUST
- Transcribing agency: NUST
100 ## - HEADING--PERSONAL NAME
- Personal name: Amjad Iqbal PC syn#18
670 ## - SOURCE DATA FOUND
- Source citation: Work cat.: (NUST): Amjad Iqbal PC syn#18, Evaluation of cement industry of Pakistan , 2016.
